[Event "Mahalla op 11th"]
[Site "Mahalla"]
[Date "2009.02.03"]
[Round "6"]
[White "Kamel, Mahmoud"]
[Black "Samy, Amro"]
[Result "1-0"]
[WhiteElo "2205"]
[BlackElo "2080"]
[PlyCount "109"]
[EventDate "2009.01.30"]
[EventType "swiss"]
[EventRounds "9"]
[EventCountry "EGY"]
[SourceTitle "CBM 128 Extra"]
[Source "ChessBase"]
[SourceDate "2009.03.05"]
[SourceVersion "2"]
[SourceVersionDate "2009.03.25"]
[SourceQuality "1"]

1. e4 c6 2. Nc3 d5 3. Nf3 Bg4 4. h3 Bxf3 5. Qxf3 Nf6 6. d3 e6 7. Be2 Be7 8. 0-0 Nbd7 9. Qg3 0-0 10. f4 dxe4 11. dxe4 Nc5 12. Bf3 Qd4+ 13. Qf2 Qxf2+ 14. Kxf2 Na6 15. a3 Bc5+ 16. Ke2 Rad8 17. Nd1 Rd7 18. b4 Bb6 19. Nf2 c5 20. b5 Nc7 21. a4 c4 22. Be3 Rfd8 23. Bxb6 Rd2+ 24. Ke3 axb6 25. e5 Nfe8 26. Rfd1 Rxd1 27. Rxd1 Nd5+ 28. Bxd5 exd5 29. Ne4 Nc7 30. Nd6 Ra8 31. Ra1 Kf8 32. g3 Ke7 33. Kd4 f6 34. Nxb7 fxe5+ 35. fxe5 Ke6 36. Nd6 Rf8 37. a5 bxa5 38. Rxa5 Rb8 39. Ra7 Nxb5+ 40. Nxb5 Rxb5 41. Rxg7 Rb1 42. Rxh7 Rd1+ 43. Kc3 Rg1 44. Rg7 Kxe5 45. h4 Rg2 46. h5 d4+ 47. Kxc4 Rxc2+ 48. Kd3 Rc3+ 49. Kd2 Ke4 50. h6 Rd3+ 51. Ke2 Re3+ 52. Kf2 Rf3+ 53. Kg2 Rf6 54. h7 Rh6 55. Rg4+ 1-0